Safe, strong & streetwise / (Record no. 2569)
[ view plain ]
| 000 -LEADER | |
|---|---|
| fixed length control field | 01341cam a2200373 a 4500 |
| 001 - CONTROL NUMBER | |
| control field | 4769124 |
| 003 - CONTROL NUMBER IDENTIFIER | |
| control field | GBCCL |
| 005 - DATE AND TIME OF LATEST TRANSACTION | |
| control field | 20241126110432.0 |
| 008 - FIXED-LENGTH DATA ELEMENTS--GENERAL INFORMATION | |
| fixed length control field | 860404s1987 mau j 000 0 eng |
| 010 ## - | |
| -- | 86008002 |
| 020 ## - INTERNATIONAL STANDARD BOOK NUMBER | |
| International Standard Book Number | 0316088994 : |
| Terms of availability | $14.95 |
| 020 ## - INTERNATIONAL STANDARD BOOK NUMBER | |
| International Standard Book Number | 0316089001 (pbk.) : |
| Terms of availability | $5.95 |
| 020 ## - INTERNATIONAL STANDARD BOOK NUMBER | |
| Canceled/invalid ISBN | 0871130998 : |
| Terms of availability | $13.95 |
| 040 ## - CATALOGING SOURCE | |
| Original cataloging agency | DLC |
| Transcribing agency | DLC |
| Modifying agency | DLC |
| -- | OCoLC |
| -- | DLC |
| 042 ## - | |
| -- | lcac |
| 043 ## - | |
| -- | n-us--- |
| 050 00 - | |
| -- | HQ72.U53 |
| -- | B46 1987 |
| 082 00 - DEWEY DECIMAL CLASSIFICATION NUMBER | |
| Classification number | 362.7044 |
| Edition information | 19 |
| Item number | BEN |
| 100 1# - MAIN ENTRY--PERSONAL NAME | |
| Personal name | Benedict, Helen. |
| 9 (RLIN) | 5379 |
| 245 10 - TITLE STATEMENT | |
| Title | Safe, strong & streetwise / |
| Statement of responsibility, etc. | by Helen Benedict. |
| 250 ## - EDITION STATEMENT | |
| Edition statement | 1st ed. |
| 260 ## - PUBLICATION, DISTRIBUTION, ETC. | |
| Place of publication, distribution, etc. | Boston : |
| Name of publisher, distributor, etc. | Little, Brown, |
| Date of publication, distribution, etc. | c1987. |
| 300 ## - PHYSICAL DESCRIPTION | |
| Extent | xi, 176 p. ; |
| Dimensions | 22 cm. |
| 520 ## - SUMMARY, ETC. | |
| Summary, etc. | Section titles include "Who Would Hurt You and Why," "Your Sexual Rights and Responsibilities," "Protecting Yourself Inside," "Self-defense," and "Getting Help." Includes an appendix for parents. |
| 650 #0 - SUBJECT ADDED ENTRY--TOPICAL TERM | |
| Topical term or geographic name entry element | Child sexual abuse |
| Geographic subdivision | United States |
| General subdivision | Juvenile literature. |
| 9 (RLIN) | 5380 |
| 650 #0 - SUBJECT ADDED ENTRY--TOPICAL TERM | |
| Topical term or geographic name entry element | Child sexual abuse |
| Geographic subdivision | United States |
| General subdivision | Prevention |
| -- | Juvenile literature. |
| 9 (RLIN) | 5381 |
| 650 #1 - SUBJECT ADDED ENTRY--TOPICAL TERM | |
| Topical term or geographic name entry element | Sexual abuse. |
| 9 (RLIN) | 5382 |
| 650 #1 - SUBJECT ADDED ENTRY--TOPICAL TERM | |
| Topical term or geographic name entry element | Sexual abuse |
| General subdivision | Prevention. |
| 9 (RLIN) | 5383 |
| 650 #1 - SUBJECT ADDED ENTRY--TOPICAL TERM | |
| Topical term or geographic name entry element | Safety. |
| 9 (RLIN) | 5384 |
| 740 0# - | |
| -- | Safe, strong, and streetwise. |
| 906 ## - LOCAL DATA ELEMENT F, LDF (RLIN) | |
| a | 7 |
| b | cbc |
| c | orignew |
| d | 1 |
| e | ocip |
| f | 19 |
| g | y-gencatlg |
| 942 ## - ADDED ENTRY ELEMENTS (KOHA) | |
| Source of classification or shelving scheme | Dewey Decimal Classification |
| Koha item type | Books |
| Withdrawn status | Lost status | Source of classification or shelving scheme | Damaged status | Not for loan | Home library | Current Library | Shelving location | Date acquired | Total checkouts | Full call number | Barcode | Date last seen | Copy number | Price effective from | Koha item type |
|---|---|---|---|---|---|---|---|---|---|---|---|---|---|---|---|
| Dewey Decimal Classification | GRACE BIBLE COLLEGE | GRACE BIBLE COLLEGE | General Studies | 2017-08-25 | 362.7044 BEN | 007130 | 2025-05-01 | c.1 | 2017-08-25 | Books |